|
|
|
|
| LEADER |
00000cam a2200000 7i4500 |
| 001 |
0000021330 |
| 005 |
20080722.0 |
| 008 |
080716 |
| 020 |
|
|
|a 11102007
|
| 090 |
0 |
0 |
|a 808.8194811
|b SAM
|
| 100 |
0 |
|
|a Samuel, G.john
|
| 245 |
1 |
0 |
|a The beautitude undefield (Tamil)
|c G. John Samuel
|
| 260 |
|
|
|a Chennai :
|b Penerbitan Kannadhasan ,
|c 1999
|
| 650 |
|
0 |
|a Poetry
|x manuscripts
|
| 650 |
|
0 |
|a Tamil poetry
|x manuscripts
|
| 999 |
|
|
|a 0001030356
|b Book
|c Tamil Collection
|e Perbadanan Perpustakaan Awam Johor
|
| 999 |
|
|
|a 0001030357
|b Book
|c Tamil Collection
|e Perbadanan Perpustakaan Awam Johor
|
| 999 |
|
|
|a 0001030358
|b Book
|c Tamil Collection
|e Perbadanan Perpustakaan Awam Johor
|
| 999 |
|
|
|a 0001030359
|b Book
|c Tamil Collection
|e Perbadanan Perpustakaan Awam Johor
|